00699nam a2200241 a 4500001001300000003000900013005001700022008004100039020001000080082001700090100002100107245002000128260005400148300000900202500003500211505002400246650001900270700002100289902000800310942000700318952011700325999001500442nice12345678IN_TiNIC20260116011803.0050524s1900 luca grp 000 0 urd  ac10000a492.75bNAD1 aNadvi, Moinullah aTamreen-Us-Serf aLucknowbMaktaba Darul Uloom Nadwatul Ulamac1900 a119p aincludes index and biblioraphy2 a3 Part Bound in One aArabic-Grammar1 aNadvi, Moinullah bSRS cBK 001040708StackRoom-aHMIbHMId2007-06-07g100.00l0o492.75 NAD1p07724r2007-06-07v100.00w2005-05-24yBK c3958d3958